| 000 | 00442nam a22001697a 4500 | ||
|---|---|---|---|
| 003 | OSt | ||
| 008 | 260512b |||||||| |||| 00| 0 eng d | ||
| 082 |
_a633.11 _bA61E |
||
| 100 | _aKumar, Anil | ||
| 245 | _aEffect of Nitrogen and Weed Management of Crop-Weed Competition and Yield of Wheat | ||
| 260 |
_aPusa, Samastipur _bRAU _c1991 |
||
| 300 | _a183P. | ||
| 502 |
_bMsc. _d1991 |
||
| 650 | _aAgronomy | ||
| 650 | _aMsc. | ||
| 942 |
_2ddc _cT |
||
| 999 |
_c50561 _d50561 |
||